| 000 | 00787nam a22002057a 4500 | ||
|---|---|---|---|
| 999 |
_c712 _d712 |
||
| 003 | AR-CdUCM | ||
| 008 | 190225b ||||| |||| 00| 0 spa d | ||
| 040 |
_aMUNICIPALIDAD PROVINCIAL DEL CUSCO _cBIBLIOTECA MUNICIPAL DEL CUSCO |
||
| 082 |
_a813.5 / _bS61 |
||
| 100 |
_aSmith, Betty _92744 |
||
| 245 | _aUn árbol crece en Brooklyn / | ||
| 260 |
_aEspaña : _bMateu, _c1963. |
||
| 300 |
_a397 páginas ; _c18.5 cm. |
||
| 500 | _aRelata sobre la infancia y juventud de una hija de inmigrantes en el Brooklyn de la década de 1920. Francie Nolan adora leer, y lo hace sentada en las escaleras de emergencia de su casa, a la sombra de un árbol. | ||
| 650 |
_aFrancie Nolan _92745 |
||
| 650 |
_a1920 _92746 |
||
| 650 |
_aInmigrantes _92747 |
||
| 942 |
_2ddc _cLIBROS |
||
| 945 |
_aafb _d2019-02-25 |
||